| 000 | 00482nam a2200193 a 4500 | ||
|---|---|---|---|
| 001 | 1763961452339 | ||
| 003 | YourLibrary | ||
| 005 | 20251124104852.0 | ||
| 008 | 251124s2025##################000#0#eng## | ||
| 020 | _a9781466893351 | ||
| 082 | 0 | 4 |
_a616.02774 _bHER |
| 100 | 1 |
_aHerold, Eve, _eauthor. |
|
| 245 | 1 | 0 | _aStem Cell Wars : |
| 260 |
_bMacmillan + ORM, _c2025. |
||
| 300 | _a315 pages | ||
| 650 | 0 | _aScience. | |
| 942 | _cENGLISH | ||
| 040 |
_aYourLibrary _beng _cYourLibrary |
||
| 999 |
_c598522 _d598522 |
||